Legislative Responses to Crime: The Changing Content of Criminal Law

Saved in:  
Bibliographic Details
Main Author: Heinz, Anne M. (Author)
Format: Print Book
Language:English
Published: [Erscheinungsort nicht ermittelbar] Northwestern University Center for Urban Affairs and Policy Research 1982
In:Year: 1982
Check availability: HBZ Gateway
Subito Delivery Service: Order now.

MARC

LEADER 00000cam a22000002c 4500
001 1912608189
003 DE-627
005 20250128055002.0
007 tu
008 241217s1982 xx ||||| 00| ||eng c
035 |a (DE-627)1912608189 
035 |a (DE-599)KXP1912608189 
040 |a DE-627  |b ger  |c DE-627  |e rda 
041 |a eng 
084 |a 2,1  |2 ssgn 
100 1 |a Heinz, Anne M.  |e VerfasserIn  |4 aut 
245 1 0 |a Legislative Responses to Crime: The Changing Content of Criminal Law 
264 1 |a [Erscheinungsort nicht ermittelbar]  |b Northwestern University Center for Urban Affairs and Policy Research  |c 1982 
336 |a Text  |b txt  |2 rdacontent 
337 |a ohne Hilfsmittel zu benutzen  |b n  |2 rdamedia 
338 |a Band  |b nc  |2 rdacarrier 
787 0 8 |i Forschungsdaten  |a Jacob, Herbert  |t Governmental Responses to Crime in the United States, 1948-1978  |d [Erscheinungsort nicht ermittelbar] : [Verlag nicht ermittelbar], 1984  |w (DE-627)1840068817 
935 |a mkri 
951 |a BO 
ELC |b 1 
LOK |0 000 xxxxxcx a22 zn 4500 
LOK |0 001 463757370X 
LOK |0 003 DE-627 
LOK |0 004 1912608189 
LOK |0 005 20241217044643 
LOK |0 008 241217||||||||||||||||ger||||||| 
LOK |0 035   |a (DE-2619)ICPSR13857 
LOK |0 040   |a DE-2619  |c DE-627  |d DE-2619 
LOK |0 092   |o n 
LOK |0 852   |a DE-2619 
LOK |0 852 1  |9 00 
LOK |0 935   |a nacp 
LOK |0 939   |a 17-12-24  |b l01 
ORI |a SA-MARC-krimdoka001.raw